000 00716nam a22002057a 4500
005 20120821113017.0
008 120821t xxu||||| |||| 00| 0 eng d
010 _aENG-105579
020 _a9788121941075
_c295.00
035 _aEN-89112
037 _bDBAD/PUB
040 _aDPL
_bEng
082 _a332.103
245 _aBlackie's dictionary of banking and finance
260 _aNew Delhi
_bS.Chand
_c(201?)
270 _a7361, Ram Nagar
_bNew Delhi
_e110055
300 _axi,275p.
_c23cm(pbk)
942 _2ddc
_cEN
_mBLA
_h332.103
999 _c69128
_d69128